Statistics for Presidents that Beat Thomas Jefferson

Click here to take the quiz!

General Stats

  • This quiz has been taken 11,056 times
    (11,040 since last reset)
  • The average score is 17 of 22

Answer Stats

RankCategoryUS Presidents% Correct
3Earliest presidentWashington | J. Adams
100%
11Oldest at end of presidencyReagan | Trump | Eisenhower | Jackson | Buchanan |
Truman | G. H. W. Bush | W. H. Harrison | Monroe | Madison
96%
2 (t)Longest presidencyF. D. Roosevelt
92%
13Longest post-presidential lifespanCarter | Hoover | Ford | G. H. W. Bush | J. Adams | Van Buren |
Fillmore | Clinton | Truman | Nixon | Madison | J. Q. Adams
90%
13 (t)Highest military rank before presidencyWashington | Eisenhower | Grant | Jackson | W. H. Harrison |
Taylor | Hayes | Garfield | Pierce | A. Johnson | Arthur | B. Harrison
90%
5 (t)Most times assassinatedLincoln | Garfield | McKinley | Kennedy
89%
4 (t)Most times impeachedTrump | A. Johnson | Clinton
88%
4Most U.S. streets named afterWashington | Lincoln | Jackson
87%
5Top rated (Siena 2018 poll)Washington | F. D. Roosevelt | Lincoln | T. Roosevelt
84%
6Most guessed on U.S. Vice Presidents quizBiden | L. B. Johnson | A. Johnson | J. Adams | G. H. W. Bush
82%
3 (t)Longest last nameEisenhower | Washington
82%
11 (t)Most new states during presidencyB. Harrison | Washington | Monroe | Polk | Buchanan |
Jackson | Madison | Lincoln | Taft | Eisenhower
79%
4Highest value of banknote pictured on (current)Grant | Jackson | Lincoln
76%
2Highest signature on Declaration of IndependenceJ. Adams
68%
7 (t)Most books authoredCarter | Trump | T. Roosevelt | Nixon | Hoover | Clinton
66%
3Last to wear a powdered wigMonroe | Madison
66%
7Most recently born in VirginiaWilson | Tyler | Taylor | W. H. Harrison | Monroe | Madison
63%
6Fewest executive ordersJ. Q. Adams | Monroe | Madison | J. Adams | W. H. Harrison
60%
4Most recent of Democratic-Republican partyJ. Q. Adams | Monroe | Madison
57%
2 (t)Most different Vice PresidentsF. D. Roosevelt
53%
5 (t)Most legitimate childrenTyler | W. H. Harrison | Hayes | Garfield
47%
2Most land acquired by the US during presidencyPolk
39%

Score Distribution

Percentile by Number Answered

Percent of People with Each Score

Your Score History

You have not taken this quiz since the last reset